000 00613nam a2200229Ia 4500
003 OSt
005 20221007071132.0
006 a|||||r|||| 00| 0
007 ta
008 221006b |||||||| |||| 00| 0 eng d
024 _a15,698
037 _cTextual
040 _aFLL
_cFLL
_beng
041 _2eng
_aeng
082 _aX65:Z1,87y7, L5
100 _aCherian Joy
_9688197
245 0 _aInvestment contracts and arbitration
260 _aLeyden
_bA.W. Sijthoff Leyden
_c1975
300 _a198p
_ccm.
942 _hX65:Z1,87y7, L5
_cTEXL
_2CC
999 _c1142540
_d1142540